Логическое проектирование переключательных автоматов / (Record no. 36988)
[ view plain ]
| 000 -LEADER | |
|---|---|
| fixed length control field | 01232-am-a2200253-a-4500 |
| 001 - CONTROL NUMBER | |
| control field | 000113123 |
| 003 - CONTROL NUMBER IDENTIFIER | |
| control field | AM-YEHGA |
| 005 - DATE AND TIME OF LATEST TRANSACTION | |
| control field | 20250617122425.0 |
| 008 - FIXED-LENGTH DATA ELEMENTS--GENERAL INFORMATION | |
| fixed length control field | 950720s1983 xxu 000 0 ||| u |
| 020 ## - INTERNATIONAL STANDARD BOOK NUMBER | |
| Terms of availability | 1.20 |
| 040 ## - CATALOGING SOURCE | |
| Original cataloging agency | AM-YeHGA |
| 090 ## - LOCALLY ASSIGNED LC-TYPE CALL NUMBER (OCLC); LOCAL CALL NUMBER (RLIN) | |
| -- | 37552 |
| 245 10 - TITLE STATEMENT | |
| Title | Логическое проектирование переключательных автоматов / |
| Statement of responsibility, etc. | Г.П. Агибалов, В.А. Бузанов, В.Б. Липский, Б.Ф. Румянцев ; [Редактор А.Ю. Матросова]. |
| 260 0# - PUBLICATION, DISTRIBUTION, ETC. | |
| Place of publication, distribution, etc. | Томск : |
| Name of publisher, distributor, etc. | Изд-во Том. ун-та, |
| Date of publication, distribution, etc. | 1983. |
| 300 ## - PHYSICAL DESCRIPTION | |
| Extent | 154 с. : |
| Other physical details | и ; |
| Dimensions | . |
| -- | 20 см. |
| 500 ## - GENERAL NOTE | |
| General note | ամբողջապես կամ մեկ օրացույցային տարվա ընթացքում հրատարակվող մենագրություն 1983 |
| 500 ## - GENERAL NOTE | |
| General note | այլ |
| 650 #4 - SUBJECT ADDED ENTRY--TOPICAL TERM | |
| Topical term or geographic name entry element | Переключатели автоматические - Проектирование - Математические методы |
| 700 10 - ADDED ENTRY--PERSONAL NAME | |
| Personal name | Агибалов, Геннадий Петрович |
| Relationship | aut |
| 700 1# - ADDED ENTRY--PERSONAL NAME | |
| Personal name | Бузанов, В.А. |
| Relationship | aut |
| 700 1# - ADDED ENTRY--PERSONAL NAME | |
| Personal name | Липский, В.Б. |
| Relationship | aut |
| 700 1# - ADDED ENTRY--PERSONAL NAME | |
| Personal name | Румянцев, Б.Ф. |
| Relationship | aut |
| 700 1# - ADDED ENTRY--PERSONAL NAME | |
| Personal name | Матросова, Анжела Юрьевна |
| Relationship | edt |
| Withdrawn status | Lost status | Damaged status | Not for loan | Collection | Home library | Current library | Date acquired | Total checkouts | Full call number | Barcode | Date last seen | Price effective from | Koha item type | Public note |
|---|---|---|---|---|---|---|---|---|---|---|---|---|---|---|
| General | Fundamental Scientific Library | Fundamental Scientific Library | 21/12/2016 | Р2/598136 | 120598136 | 21/12/2016 | 21/12/2016 | Գրքեր / Books | 30 Days Loan |
ՀՀ Գիտությունների ազգային ակադեմիայի հիմնարար գիտական գրադարան = Fundamental Scientific Library of NAS RA
All site content, except where otherwise noted, is licensed under a